01737cam a2200193 a 450000100100000000500170001000800410002704000290006808200200009724501280011726000350024530000210028049000110030150510960031265000380140865100560144670000300150283000110153200001306020200929163129.0780531s1970 ve b 001 0 spa  aDO-SdBNPbspacLCdBNPHU a355.0098bP214p03aEl papel político y social de las fuerzas armadas en América Latina :bensayos /c[compilador] Virgilio Rafael Beltran. aCaracas :bMonte Avila,c1970. a350 p. ;c20 cm.1 aPrisma0 aVirgilio Rafael Beltran. Algunos problemas de la sociología militar en America Latina -- Virgilio Rafael Beltran. Estrategía, armas y cambio social en América Latina -- Alberto Ciria. Cuatro ejemplos de relaciones entre fuerzas armadas y poder político -- Horacio D. Rodríguez. Qué es un gorila? -- Virgilio Rafael Beltran. Dos revoluciones en naciones nuevas: Argentina 1943, Egipto 1952 -- Mariano C. Grondona. La estructura cívico-militar del nuevo estado argentino -- S. E. Finer. El problema argentino: entre la espada y el estado -- Jose A. Rios. Los militares y el poder en Brasil -- Oliveros S. Ferreira. La geopolítica y el ejército brasileño -- Vicente Barreto. La presencia militarista -- Francois Bourricaud. Perú: el círculo vicioso: o militales o políticos -- Norberto Ceresole. El nacionalismo militar latinoamericano -- Jerry L. Weaver. Las fuerzas armadas guatemaltecas y la política -- Carlos Bañales Guimaraens. Las fuerzas armadas en la crisis uruguaya -- Robert P. Case. El entrenamiento de militares latinoamericanos en los Estados Unidos. 4aFuerzas armadasxAmérica latina 4aAmérica LatinaxPolítica Y Goviernoy1948-1980.1 aBeltran, Virgilio Rafael. 0aPrisma